000
00290nam a22001337a 4500
008
210224b ||||| |||| 00| 0 eng d
020
_a
2900205515515
041
_a
eng
080
_a
343.9
100
_a
13
101
_a
KRI
245
_a
Policing Today
_c
Schmalleger ,F
942
_2
udc
_c
BK
999
_c
55151
_d
55151